<?xml version="1.0" encoding="UTF-8"?>
<marc:record xmlns:marc="http://www.loc.gov/MARC21/slim">
   <marc:leader>00000nam a2200000 a 4500</marc:leader>
   <marc:datafield ind1="1" ind2=" " tag="100">
      <marc:subfield code="a">Disney - PIXAR</marc:subfield>
      <marc:subfield code="4">aut</marc:subfield>
      <marc:subfield code="e">Verfasser/-in</marc:subfield>
   </marc:datafield>
   <marc:datafield ind1="0" ind2="0" tag="245">
      <marc:subfield code="a">Die Unglaublichen</marc:subfield>
   </marc:datafield>
   <marc:datafield ind1=" " ind2="1" tag="264">
      <marc:subfield code="a">Wien</marc:subfield>
      <marc:subfield code="b">Walt Disney Studios Home Entertainment</marc:subfield>
      <marc:subfield code="c">2017</marc:subfield>
   </marc:datafield>
   <marc:datafield ind1="1" ind2=" " tag="520">
      <marc:subfield code="a">Einmal den Falschen gerettet und schon ist's passiert! Der Superheld Mr. Incredible hat eine Klage wegen "unerwünschter Lebensrettung" am Hals und muss fortan sein Dasein als Versicherungsangestellter fristen - gut getarnt hinter wachsendem Bauchansatz. Als er die Gelegenheit wittert, wieder aktiv zu werden, hängt nicht nur der Haussegen schief, sondern auch der Weltfrieden ist in höchster Gefahr! Zum Glück ist seine Frau Helen flexibel. Mit ihrem außergewöhnlichen Nachwuchs, dem kleinen Flitzer Flash und der scheinbar unscheinbaren Violetta, macht sie sich auf, mal eben die Welt zu retten.</marc:subfield>
   </marc:datafield>
   <marc:datafield ind1=" " ind2=" " tag="020">
      <marc:subfield code="a">8717418520168</marc:subfield>
      <marc:subfield code="9">8717418520168</marc:subfield>
   </marc:datafield>
   <marc:datafield ind1="0" ind2=" " tag="490">
      <marc:subfield code="v">0</marc:subfield>
   </marc:datafield>
   <marc:datafield ind1=" " ind2=" " tag="300">
      <marc:subfield code="a">111 Minuten</marc:subfield>
   </marc:datafield>
</marc:record>
